Κατάλογος Βιβλιοθηκών Mediterranean College

Η Τέχνη της Διαπραγμάτευσης/Η Τέχνη της Διαπραγμάτευσης στον Τομέα της Εμπορίας Τροφίμων (Record no. 8684)

MARC details
000 -LEADER
fixed length control field 01641cam a22001814a 4500
005 - ΗΜΕΡΟΜΗΝΙΑ ΚΑΙ ΩΡΑ ΤΕΛΕΥΤΑΙΑΣ ΕΝΗΜΕΡΩΣΗΣ
Πεδίο ελέγχου 20250605164343.0
008 - FIXED-LENGTH DATA ELEMENTS--GENERAL INFORMATION
Πεδίο ελέγχου σταθερού μήκους 250528s ||||||||||||||||||||||||d
035 ## - SYSTEM CONTROL NUMBER
System control number 23735
040 ## - ΠΗΓΗ ΚΑΤΑΛΟΓΟΓΡΑΦΗΣΗΣ
Φορέας πρωτότυπης καταλογογράφησης MC Athens Campus Library
Γλώσσα καταλογογράφησης Ελληνικά, Μοντέρνα (1453-)
Modifying agency MC Athens Campus Library
Κανόνες περιγραφικής καταλογογράφησης AACR2
245 1# - ΤΙΤΛΟΣ ΚΑΙ ΔΗΛΩΣΗ ΥΠΕΥΘΥΝΟΤΗΤΑΣ
Τίτλος Η Τέχνη της Διαπραγμάτευσης/Η Τέχνη της Διαπραγμάτευσης στον Τομέα της Εμπορίας Τροφίμων
260 ## - PUBLICATION, DISTRIBUTION, ETC.
Date of publication, distribution, etc. 2012
300 ## - PHYSICAL DESCRIPTION
Extent 34
520 ## - SUMMARY, ETC.
Summary, etc. Περίληψη, Ευχαριστίες, Εισαγωγή, Γενικός Στόχος της Εργασίας, Ειδικότεροι Ερευνητικοί Στόχοι της Εργάσιας, Οργανισμός όπου Συγκεντρώθηκαν της Εργασίας, Η Σημασία της Έρευνας, Δομή της Εργασίας, Βιβλιογραφική Επισκόπηση, Ορισμός Διαπραγμάτευσης, Σκοπός της Διαπραγμάτευσης, Οι Στρατηγικές της Διαπραγμάτευσης, Οι Φάσεις της Διαπραγμάτευσης, Μεθοδολογίες - Προσεγγίσεις της Διαπραγμάτευτικής Τακτικής, Η Συναισθηματική Προσέγγιση, Η Αναζήτηση Προοπτικών, Προβλήματα κατά τη Διαδικασία, Συναισθήματα και Διαπραγμάτευση, Ανάλυση Στοιχείων - Αποτελέσματα, Μεθοδολογία, Συμπεράσματα.
700 1# - ΠΡΟΣΘΕΤΗ ΑΝΑΓΡΑΦΗ--ΦΥΣΙΚΟ ΠΡΟΣΩΠΟ
Personal name Κατσιφώλης Γεώργιος Β
9 (RLIN) 9281
942 ## - ADDED ENTRY ELEMENTS (KOHA)
Koha item type Διπλωματική εργασία
Holdings
Τύπος τεκμηρίου Βιβλιοθήκη Τρέχουσα τοποθεσία Barcode Ημερομηνία απόκτησης Ταξιθετικό σύμβολο Αριθμός αντιτύπου Κατάσταση απόσυρσης Κατάσταση χαμένου Κατάσταση κατεστραμμένου Μη δανεισμός Σύνολο δανεισμών Ημερομηνία τελευταίας εμφάνισης Η τιμή ισχύει από
Διπλωματική εργασία MC Athens Campus Library MC Athens Campus Library 9780000086839 05/06/2025 BUS 2012 (9) 1           05/06/2025 05/06/2025

MC Athens Campus Library
Πατησίων 94 & Κοδριγκτώνος 13, 104 34
Πελλήνης 8 & Πατησίων 107, 112 51
Τ: +30 210 8899600

MC Thessaloniki Campus Library
Ίωνος Δραγούμη 21, 54625 | Ίωνος Δραγούμη 15, 54625
Τ: +30 2310 287779 – Τ: +30 2314 440300